Sports Quiz

Random Sports or Football Quiz

Serie A : 2nd place XIs Quiz Stats

 Plays Quiz not verified by Sporcle

Challenge
Share
Tweet
Embed
Score 0/300 Timer 20:00
3 Plays Today
Hint Answer % Correct
Parma 96-97Gianluigi Buffon
94.1%
Juventus 08-09Gianluigi Buffon
94.1%
AS Roma 01-02Francesco Totti
94%
AS Roma 03-04Francesco Totti
94%
AS Roma 06-07Francesco Totti
94%
AS Roma 07-08Francesco Totti
94%
AS Roma 09-10Francesco Totti
94%
AS Roma 13-14Francesco Totti
94%
AS Roma 14-15Francesco Totti
94%
Inter Milan 05-06Júlio César
92.4%
Inter Milan 10-11Júlio César
92.4%
Juventus 99-00Edwin van der Sar
92.3%
Juventus 00-01Edwin van der Sar
92.3%
Juventus 95-96Alessandro Del Piero
91.7%
Juventus 99-00Alessandro Del Piero
91.7%
Juventus 00-01Alessandro Del Piero
91.7%
Juventus 08-09Alessandro Del Piero
91.7%
AS Roma 06-07Daniele De Rossi
90.9%
AS Roma 07-08Daniele De Rossi
90.9%
AS Roma 09-10Daniele De Rossi
90.9%
AS Roma 13-14Daniele De Rossi
90.9%
AC Milan 04-05Alessandro Nesta
90.9%
Napoli 12-13Marek Hamšík
90.6%
Napoli 15-16Marek Hamšík
90.6%
Inter Milan 97-98Javier Zanetti
90.4%
Inter Milan 02-03Javier Zanetti
90.4%
Inter Milan 05-06Javier Zanetti
90.4%
Inter Milan 10-11Javier Zanetti
90.4%
AC Milan 11-12Zlatan Ibrahimović
90.2%
Parma 96-97Hernán Crespo
90%
Inter Milan 02-03Hernán Crespo
90%
AC Milan 04-05Hernán Crespo
90%
AC Milan 04-05Dida
89.7%
AS Roma 01-02Cafú
89.7%
AC Milan 04-05Cafú
89.7%
AS Roma 14-15Daniele De Rossi
89.7%
AS Roma 16-17Daniele De Rossi
89.1%
AC Milan 04-05Clarence Seedorf
88.9%
Juventus 08-09Pavel Nedvěd
88.8%
AC Milan 04-05Andrea Pirlo
88.5%
AC Milan 04-05Andriy Shevchenko
88.5%
AS Roma 03-04Cristian Chivu
88.4%
AS Roma 06-07Cristian Chivu
88.4%
Inter Milan 10-11Cristian Chivu
88.4%
Napoli 15-16Pepe Reina
88.1%
Lazio 98-99Dejan Stanković
88%
Inter Milan 05-06Dejan Stanković
88%
Inter Milan 10-11Dejan Stanković
88%
Inter Milan 10-11Samuel Eto'o
87.9%
AC Milan 04-05Kaká
87.6%
AS Roma 16-17Edin Džeko
87.5%
AC Milan 04-05Gennaro Gattuso
87.4%
Inter Milan 10-11Maicon
87.4%
AS Roma 13-14Maicon
87.4%
Inter Milan 10-11Wesley Sneijder
87.3%
Napoli 17-18Marek Hamšík
87.2%
Parma 96-97Fabio Cannavaro
86.4%
Inter Milan 02-03Fabio Cannavaro
86.4%
Napoli 12-13Paolo Cannavaro
86.4%
Napoli 15-16Gonzalo Higuaí­n
86.3%
Parma 96-97Carlo Ancelotti
86.2%
Juventus 99-00Carlo Ancelotti
86.2%
Juventus 00-01Carlo Ancelotti
86.2%
AC Milan 04-05Paolo Maldini
86.2%
AC Milan 04-05Carlo Ancelotti
86.2%
Inter Milan 05-06Esteban Cambiasso
86.1%
Inter Milan 10-11Esteban Cambiasso
86.1%
Napoli 17-18Pepe Reina
85.8%
Napoli 12-13Edinson Cavani
85.6%
Juventus 99-00Edgar Davids
85.1%
Juventus 00-01Edgar Davids
85.1%
AS Roma 16-17Mohamed Salah
85%
Juventus 99-00Zinédine Zidane
85%
Juventus 00-01Zinédine Zidane
85%
Juventus 99-00Filippo Inzaghi
84.9%
Juventus 00-01Filippo Inzaghi
84.9%
AC Milan 11-12Christian Abbiati
84.9%
Napoli 17-18Dries Mertens
84.6%
AC Milan 11-12Robinho
84.4%
Lazio 98-99Roberto Mancini
84.2%
AS Roma 03-04Mancini
84.2%
Inter Milan 05-06Roberto Mancini
84.2%
AS Roma 06-07Mancini
84.2%
AS Roma 07-08Mancini
84.2%
Inter Milan 02-03Francesco Toldo
84.1%
Juventus 08-09Claudio Ranieri, Ciro Ferrara
84.1%
AS Roma 01-02Walter Samuel
83.9%
AS Roma 03-04Walter Samuel
83.9%
Inter Milan 05-06Walter Samuel
83.9%
Inter Milan 02-03Ivan Córdoba
83.8%
Inter Milan 05-06Ivan Córdoba
83.8%
Inter Milan 10-11Lúcio
83.5%
Inter Milan 10-11Goran Pandev
83.3%
Napoli 12-13Goran Pandev
83.3%
AC Milan 04-05Kakha Kaladze
83.1%
Inter Milan 97-98Ronaldo
82.8%
Juventus 93-94Angelo Peruzzi
82.8%
Juventus 95-96Angelo Peruzzi
82.8%
Inter Milan 02-03Marco Materazzi
82.7%
Lazio 98-99Christian Vieri
82.7%
Hint Answer % Correct
Inter Milan 02-03Christian Vieri
82.7%
AS Roma 13-14Miralem Pjanić
81.9%
AS Roma 14-15Miralem Pjanić
81.9%
Inter Milan 05-06Luís Figo
81.8%
Inter Milan 05-06Adriano
81.6%
AS Roma 01-02Gabriel Batistuta
81.5%
AC Milan 11-12Thiago Silva
81.1%
AS Roma 07-08Mirko Vučinić
80.7%
AS Roma 09-10Mirko Vučinić
80.7%
Juventus 93-94Antonio Conte
80.3%
Juventus 95-96Antonio Conte
80.3%
Juventus 99-00Antonio Conte
80.3%
AS Roma 16-17Radja Nainggolan
80.1%
Juventus 95-96Marcello Lippi
79.8%
AS Roma 16-17Kevin Strootman
79.3%
Napoli 15-16José Callejón
79.2%
AS Roma 14-15Radja Nainggolan
78.9%
Napoli 15-16Raúl Albiol
78.9%
Napoli 17-18Raúl Albiol
78.7%
Parma 96-97Lilian Thuram
78.7%
Napoli 17-18José Callejón
78.4%
Juventus 95-96Ciro Ferrara
78.4%
Juventus 99-00Ciro Ferrara
78.4%
AS Roma 01-02Fabio Capello
78.4%
AS Roma 03-04Fabio Capello
78.4%
AS Roma 13-14Gervinho
78.2%
Juventus 08-09Giorgio Chiellini
78.1%
AS Roma 16-17Kostas Manolas
77.5%
Napoli 17-18Kalidou Koulibaly
77.5%
Napoli 17-18Lorenzo Insigne
77.2%
AS Roma 06-07Philippe Mexès
76.9%
AS Roma 07-08Philippe Mexès
76.9%
AS Roma 13-14Kevin Strootman
76.9%
AS Roma 16-17Emerson
76.9%
AS Roma 14-15Kostas Manolas
76.6%
Juventus 93-94Roberto Baggio
76.5%
Parma 96-97Dino Baggio
76.5%
AS Roma 01-02Emerson
76.1%
AS Roma 03-04Emerson
76.1%
AS Roma 09-10Luciano Spalletti, Claudio Ranieri
76%
Juventus 99-00Paolo Montero
75.8%
Juventus 00-01Paolo Montero
75.8%
AC Milan 11-12Ignazio Abate
75.7%
Inter Milan 05-06Obafemi Martins
75.7%
Napoli 17-18Maurizio Sarri
74.5%
AS Roma 16-17Wojciech Szczęsny
74.5%
Juventus 00-01Gianluca Zambrotta
74.4%
AS Roma 16-17Antonio Rüdiger
73.9%
AS Roma 16-17Luciano Spalletti
73.9%
AS Roma 06-07Doni
73.6%
AS Roma 07-08Doni
73.6%
Napoli 17-18Jorginho
73.5%
AS Roma 09-10John Arne Riise
73.4%
Inter Milan 02-03Alvaro Recoba
73.1%
Lazio 98-99Marcelo Salas
72.8%
Juventus 95-96Didier Deschamps
72.5%
AS Roma 06-07Luciano Spalletti
72.5%
AS Roma 07-08Luciano Spalletti
72.5%
AC Milan 11-12Massimiliano Allegri
72.5%
Inter Milan 10-11Rafa Benítez, Leonardo
72.4%
Napoli 15-16Kalidou Koulibaly
72.2%
Juventus 95-96Gianluca Vialli
71.8%
AC Milan 11-12Massimo Ambrosini
71.8%
AS Roma 13-14Medhi Benatia
71.4%
Juventus 93-94Fabrizio Ravanelli
71.3%
Juventus 95-96Fabrizio Ravanelli
71.3%
Inter Milan 05-06Juan Sebastián Verón
71%
Napoli 15-16Lorenzo Insigne
70.4%
Inter Milan 02-03Emre Belözoğlu
70%
AC Milan 11-12Mark van Bommel
69.4%
Juventus 95-96Gianluca Pessotto
69%
Juventus 99-00Gianluca Pessotto
69%
Juventus 00-01Gianluca Pessotto
69%
Lazio 98-99Siniša Mihajlović
69%
Napoli 12-13Gökhan Inler
68.8%
Juventus 99-00Alessio Tacchinardi
68.2%
Juventus 00-01Alessio Tacchinardi
68.2%
AS Roma 01-02Marco Delvecchio
67%
Napoli 15-16Jorginho
66.9%
Inter Milan 97-98Gianluca Pagliuca
66.9%
Inter Milan 97-98Diego Simeone
66.9%
AS Roma 01-02Vincent Candela
66.5%
Juventus 99-00Mark Iuliano
66.3%
Juventus 00-01Mark Iuliano
66.3%
Juventus 08-09Zdeněk Grygera
65.9%
Napoli 12-13Morgan De Sanctis
65.8%
AS Roma 13-14Morgan De Sanctis
65.8%
AS Roma 14-15Morgan De Sanctis
65.8%
Juventus 08-09Mohamed Sissoko
65.1%
AS Roma 01-02Christian Panucci
64.8%
AS Roma 03-04Christian Panucci
64.8%
AS Roma 06-07Christian Panucci
64.8%
AS Roma 07-08Christian Panucci
64.8%
Napoli 17-18Allan
64.6%
Juventus 95-96Paulo Sousa
64.6%
AS Roma 13-14Alessandro Florenzi
64.1%
AS Roma 14-15Alessandro Florenzi
64.1%
Napoli 17-18Elseid Hysaj
64%
AS Roma 06-07Simone Perrotta
63.3%
AS Roma 07-08Simone Perrotta
63.3%
Hint Answer % Correct
AS Roma 09-10Simone Perrotta
63.3%
Juventus 93-94Angelo Di Livio
63.3%
Juventus 95-96Angelo Di Livio
63.3%
AS Roma 01-02Jonathan Zebina
63.1%
AS Roma 03-04Jonathan Zebina
63.1%
AS Roma 13-14Rudi Garcia
62.4%
AS Roma 14-15Rudi Garcia
62.4%
Lazio 94-95Alen Bokšić
62.4%
Juventus 00-01Igor Tudor
62.4%
Inter Milan 97-98Youri Djorkaeff
62.3%
Napoli 15-16Maurizio Sarri
62%
Juventus 93-94Jürgen Kohler
61.7%
Napoli 15-16Elseid Hysaj
61.2%
Juventus 08-09Olof Mellberg
61.1%
AS Roma 09-10Juan
60.7%
Napoli 15-16Faouzi Ghoulam
60.6%
Lazio 94-95Giuseppe Favalli
60.5%
Lazio 98-99Giuseppe Favalli
60.5%
Inter Milan 05-06Giuseppe Favalli
60.5%
Napoli 12-13Christian Maggio
60.2%
AS Roma 06-07David Pizarro
60%
AS Roma 07-08David Pizarro
60%
AS Roma 09-10David Pizarro
60%
Napoli 12-13Valon Behrami
59.7%
AS Roma 03-04Antonio Cassano
59.5%
AS Roma 09-10Nicolás Burdisso
59.2%
Lazio 98-99Sérgio Conceição
59.1%
Napoli 15-16Allan
58.4%
Lazio 98-99Sven-Göran Eriksson
58.3%
AS Roma 01-02Damiano Tommasi
57.5%
Juventus 08-09Claudio Marchisio
57.2%
Inter Milan 02-03Luigi Di Biagio
57%
Napoli 17-18Mário Rui
57%
AS Roma 01-02Francesco Antonioli
56.8%
Lazio 94-95Luca Marchegiani
56.8%
Lazio 98-99Luca Marchegiani
56.8%
AS Roma 06-07Taddei
56.1%
AS Roma 07-08Taddei
56.1%
AS Roma 09-10Taddei
56.1%
Inter Milan 97-98Taribo West
55.8%
AS Roma 16-17Federico Fazio
55.4%
Juventus 93-94Moreno Torricelli
54.5%
Juventus 95-96Moreno Torricelli
54.5%
AC Milan 11-12Urby Emanuelson
54%
Lazio 94-95Aron Winter
53.4%
Inter Milan 97-98Aron Winter
53.4%
AS Roma 13-14Adem Ljajić
53.3%
AS Roma 14-15Adem Ljajić
53.3%
Inter Milan 10-11Andrea Ranocchia
53.1%
Lazio 94-95Paolo Negro
52.9%
Lazio 98-99Paolo Negro
52.9%
Inter Milan 97-98Giuseppe Bergomi
52.8%
Lazio 98-99Giuseppe Pancaro
52.5%
Juventus 93-94Andreas Möller
52.4%
Parma 96-97Roberto Sensini
51.3%
Napoli 12-13Juan Zúñiga
51.2%
AC Milan 11-12Luca Antonini
50.6%
Juventus 08-09Amauri
49.5%
Napoli 12-13Hugo Campagnaro
48.9%
Napoli 12-13Walter Mazzarri
47.7%
AS Roma 14-15José Holebas
47.7%
Parma 96-97Enrico Chiesa
47%
Inter Milan 02-03Héctor Cúper
46.7%
AC Milan 11-12Antonio Nocerino
45.4%
AS Roma 03-04Olivier Dacourt
45.3%
Juventus 08-09Nicola Legrottaglie
45.1%
Juventus 93-94Giovanni Trapattoni
44.7%
Lazio 94-95Giuseppe Signori
44.2%
Lazio 98-99Matías Almeyda
44.2%
Inter Milan 02-03Francesco Coco
41.6%
AS Roma 09-10Júlio Sérgio
40.9%
Juventus 93-94Sergio Porrini
40.2%
AC Milan 11-12Daniele Bonera
40%
AS Roma 16-17Bruno Peres
39.5%
AS Roma 03-04Ivan Pelizzoli
38.9%
Lazio 94-95Diego Fuser
37.8%
Parma 96-97Antonio Benarrivo
37.1%
AS Roma 09-10Marco Cassetti
36.7%
AS Roma 13-14Leandro Castán
35%
AS Roma 06-07Max Tonetto
34.4%
AS Roma 07-08Max Tonetto
34.4%
Lazio 94-95José Antonio Chamot
34.3%
AS Roma 14-15Mapou Yanga-Mbiwa
34.2%
Juventus 08-09Cristian Molinaro
33.6%
Lazio 94-95Zdeněk Zeman
32.1%
AS Roma 03-04Lima
30.8%
Lazio 94-95Roberto Di Matteo
29%
Inter Milan 97-98Francesco Moriero
26%
Parma 96-97Roberto Mussi
25.6%
Inter Milan 97-98Luigi Simoni
23.9%
Inter Milan 97-98Fabio Galante
23%
Juventus 93-94Giancarlo Marocchi
22.4%
Inter Milan 97-98Luigi Sartor
22.3%
AS Roma 14-15Davide Astori
22.3%
Parma 96-97Zé Maria
20%
Parma 96-97Massimo Crippa
19.9%
Napoli 12-13Alessandro Gamberini
17.5%
Lazio 94-95Roberto Rambaudi
16.3%
Juventus 93-94Andrea Fortunato
15.8%
Lazio 94-95Roberto Cravero
12.5%

You're not logged in!

Compare scores with friends on all Sporcle quizzes.
OR
Log In

You Might Also Like...

Show Comments

Extras

Top Quizzes Today


Score Distribution

Your Account Isn't Verified!

In order to create a playlist on Sporcle, you need to verify the email address you used during registration. Go to your Sporcle Settings to finish the process.

Report this User

Report this user for behavior that violates our Community Guidelines.

Details: